00621nam a2200217Ia 4500008004100000041001200041082001000053082001100063100001900074100001100093245006100104260001100165260001900176260000900195300001500204365002500219650001500244942000700259999001900266952011800285150909s9999 xx 000 0 und d aEnglish a589.3 bIRV/MO aIrvine D E G  eEditor aModern approaches to the taxonomt of red and brown algae aLondon bAcadamic Press c1978 a484 Pages aUKP 26.20  aPhaeophyta cBK c249445d249445 00104070aKAUCOAbKAUCOAd2022-03-03l0o589.3 IRV/MOpKAU-COA-7631 r2015-09-16 00:00:00w2015-09-16yBK